000 02596nam0a22003011 4500
001 rc\4003159
005 20260407172926.0
021 _aRU
_b[56-39519]
035 _a(NLR Aleph) 008074419
090 _a9083458
_c9083458
100 _a20130415d1956 |||y0rusy50 ca
101 0 _arus
102 _aRU
105 _aa z |||||
200 1 _aТруды Всесоюзного совещания по разработке унифицированной схемы стратиграфии мезозойских отложений Русской платформы
_eСозв. 3-10 февр. 1954 г. Геол. упр. М-ва нефт. пром-сти СССР, Всесоюз. нефт. науч.-исслед. геол.-развед. ин-том ВНИГРИ и Всесоюз. науч.-исслед. геол.-развед. нефт. ин-том ВНИГНИ
_f[Ред. коллегия: Р.И. Вялова, Д.В. Дробышев (гл. ред.) и др.]
210 _aЛенинград
_cГостоптехиздат. Ленингр. отд-ние
_d1956
215 _a383 с., 2 л. табл.
_cил.
327 0 _aВ прил.: Справочно-пыльцевые комплексы из мезозойских отложений юго-вост. районов Русской платформы (Эмба и Зап. Приуралье) / В.С. Малявкина
464 0 _12001#$aСправочно-пыльцевые комплексы из мезозойских отложений юго-восточных районов Русской платформы (Эмба и Западное Приуралье)
_1700#1$aМалявкина$bВ.С.
_tСправочно-пыльцевые комплексы из мезозойских отложений юго-восточных районов Русской платформы (Эмба и Западное Приуралье)
_aМалявкина, В.С.
606 _aМезозойские отложения
_xСтратиграфия
_yРусская платформа
_jСборники
_2psbo
702 1 _aВялова
_bР.И.
_4340
702 1 _aДробышев
_bД.В.
_gДмитрий Васильевич
_4340
710 1 2 _aВсесоюзное совещание по разработке унифицированной схемы стратиграфии мезозойских отложений Русской платформы
_f1954
_eЛенинград
_3RU\NLR\AUTH\8810109798
_9719632
801 0 _aRU
_bNLR
_gpsbo
801 1 _aRU
_bELAR
_2rusmarc
852 _aNLR
_jГн02 Г-7/258
942 _cBOOK
980 _aNB